<?xml version="1.0" encoding="UTF-8"?>
<record
    xmlns:xsi="http://www.w3.org/2001/XMLSchema-instance"
    xsi:schemaLocation="http://www.loc.gov/MARC21/slim http://www.loc.gov/standards/marcxml/schema/MARC21slim.xsd"
    xmlns="http://www.loc.gov/MARC21/slim">

  <leader>01427nam a22002897a 4500</leader>
  <datafield tag="999" ind1=" " ind2=" ">
    <subfield code="c">176976</subfield>
    <subfield code="d">176976</subfield>
  </datafield>
  <controlfield tag="005">20210204125117.0</controlfield>
  <datafield tag="010" ind1=" " ind2=" ">
    <subfield code="a">ENG-128951-55</subfield>
  </datafield>
  <datafield tag="020" ind1=" " ind2=" ">
    <subfield code="c">3472.00 (Vol. 1) (Rs. 17360.00 for full Set)</subfield>
    <subfield code="a">978-0-19-949884-0</subfield>
  </datafield>
  <datafield tag="020" ind1=" " ind2=" ">
    <subfield code="c">3472.00 (Vol. 2) (Rs. 17360.00 for full Set)</subfield>
    <subfield code="a">978-0-19-949885-7</subfield>
  </datafield>
  <datafield tag="020" ind1=" " ind2=" ">
    <subfield code="c">3472.00 (Vol. 3) (Rs. 17360.00 for full Set)</subfield>
    <subfield code="a">978-0-19-949886-4</subfield>
  </datafield>
  <datafield tag="020" ind1=" " ind2=" ">
    <subfield code="c">3472.00 (Vol. 4) (Rs. 17360.00 for full Set)</subfield>
    <subfield code="a">978-0-19-949887-3</subfield>
  </datafield>
  <datafield tag="020" ind1=" " ind2=" ">
    <subfield code="c">3472.00 (Vol. 5) (Rs. 17360.00 for full Set)</subfield>
    <subfield code="a">978-0-19-949883-0</subfield>
  </datafield>
  <datafield tag="035" ind1=" " ind2=" ">
    <subfield code="a">EN-112483 (Vol. 1)</subfield>
  </datafield>
  <datafield tag="035" ind1=" " ind2=" ">
    <subfield code="a">EN-112484 (Vol. 2)</subfield>
  </datafield>
  <datafield tag="035" ind1=" " ind2=" ">
    <subfield code="a">EN-112485 (Vol. 3)</subfield>
  </datafield>
  <datafield tag="035" ind1=" " ind2=" ">
    <subfield code="a">EN-112486 (Vol. 4)</subfield>
  </datafield>
  <datafield tag="035" ind1=" " ind2=" ">
    <subfield code="a">EN-112487 (Vol. 5)</subfield>
  </datafield>
  <datafield tag="037" ind1=" " ind2=" ">
    <subfield code="b">DBAD/PUB</subfield>
  </datafield>
  <datafield tag="082" ind1=" " ind2=" ">
    <subfield code="a">153</subfield>
  </datafield>
  <datafield tag="245" ind1=" " ind2=" ">
    <subfield code="a">Psychology</subfield>
    <subfield code="c">edited by Girishwar Misra</subfield>
  </datafield>
  <datafield tag="260" ind1=" " ind2=" ">
    <subfield code="a">New Delhi</subfield>
    <subfield code="b">Oxford University Press</subfield>
    <subfield code="c">2019</subfield>
  </datafield>
  <datafield tag="270" ind1=" " ind2=" ">
    <subfield code="b">New Delhi</subfield>
    <subfield code="a">2/11 Ground Floor, Ansari Road</subfield>
    <subfield code="e">110002</subfield>
  </datafield>
  <datafield tag="300" ind1=" " ind2=" ">
    <subfield code="a">xxiii+385 (Vol. 1), xxiv+343(Vol. 2), xxii+250 (Vol. 3), xxiii+255 (Vol. 4), xxiv+318 (Vol. 5)p.</subfield>
    <subfield code="c">23cm(pbk)</subfield>
    <subfield code="b">Including index.</subfield>
  </datafield>
  <datafield tag="490" ind1=" " ind2=" ">
    <subfield code="v">Vol 1: Cognitive and Affective Process; Vol. 2: Individual and the Social:Processes and issues; Vol.3: Psychology of Organizations; Vol. 4: Themes in Contemporary Mental Health Research; Vol. 5: Explorations into Psyche and Psychology: some emerging perspectives</subfield>
  </datafield>
  <datafield tag="700" ind1=" " ind2=" ">
    <subfield code="a">Misra, Girishwar, Ed.</subfield>
  </datafield>
  <datafield tag="942" ind1=" " ind2=" ">
    <subfield code="2">ddc</subfield>
    <subfield code="c">EN</subfield>
    <subfield code="h">153</subfield>
    <subfield code="m">PSY</subfield>
  </datafield>
  <datafield tag="952" ind1=" " ind2=" ">
    <subfield code="0">0</subfield>
    <subfield code="1">0</subfield>
    <subfield code="3">Vol. 1</subfield>
    <subfield code="4">0</subfield>
    <subfield code="7">1</subfield>
    <subfield code="8">REF</subfield>
    <subfield code="a">BN</subfield>
    <subfield code="b">BN</subfield>
    <subfield code="d">2021-02-04</subfield>
    <subfield code="e">DBAD/PUB</subfield>
    <subfield code="g">3472.00</subfield>
    <subfield code="l">0</subfield>
    <subfield code="o">153 PSY</subfield>
    <subfield code="p">EN-112483</subfield>
    <subfield code="r">2021-02-04 00:00:00</subfield>
    <subfield code="t">1</subfield>
    <subfield code="v">3472.00</subfield>
    <subfield code="y">EN</subfield>
  </datafield>
  <datafield tag="952" ind1=" " ind2=" ">
    <subfield code="0">0</subfield>
    <subfield code="1">0</subfield>
    <subfield code="3">Vol. 2</subfield>
    <subfield code="4">0</subfield>
    <subfield code="7">1</subfield>
    <subfield code="8">REF</subfield>
    <subfield code="a">BN</subfield>
    <subfield code="b">BN</subfield>
    <subfield code="d">2021-02-04</subfield>
    <subfield code="e">DBAD/PUB</subfield>
    <subfield code="g">3472.00</subfield>
    <subfield code="l">0</subfield>
    <subfield code="o">153 PSY</subfield>
    <subfield code="p">EN-112484</subfield>
    <subfield code="r">2021-02-04 00:00:00</subfield>
    <subfield code="t">1</subfield>
    <subfield code="v">3472.00</subfield>
    <subfield code="y">EN</subfield>
  </datafield>
  <datafield tag="952" ind1=" " ind2=" ">
    <subfield code="0">0</subfield>
    <subfield code="1">0</subfield>
    <subfield code="3">Vol. 3</subfield>
    <subfield code="4">0</subfield>
    <subfield code="7">1</subfield>
    <subfield code="8">REF</subfield>
    <subfield code="a">BN</subfield>
    <subfield code="b">BN</subfield>
    <subfield code="d">2021-02-04</subfield>
    <subfield code="e">DBAD/PUB</subfield>
    <subfield code="g">3472.00</subfield>
    <subfield code="l">0</subfield>
    <subfield code="o">153 PSY</subfield>
    <subfield code="p">EN-112485</subfield>
    <subfield code="r">2021-02-04 00:00:00</subfield>
    <subfield code="t">1</subfield>
    <subfield code="v">3472.00</subfield>
    <subfield code="y">EN</subfield>
  </datafield>
  <datafield tag="952" ind1=" " ind2=" ">
    <subfield code="0">0</subfield>
    <subfield code="1">0</subfield>
    <subfield code="3">Vol. 4</subfield>
    <subfield code="4">0</subfield>
    <subfield code="7">1</subfield>
    <subfield code="8">REF</subfield>
    <subfield code="a">BN</subfield>
    <subfield code="b">BN</subfield>
    <subfield code="d">2021-02-04</subfield>
    <subfield code="e">DBAD/PUB</subfield>
    <subfield code="g">3472.00</subfield>
    <subfield code="l">0</subfield>
    <subfield code="o">153 PSY</subfield>
    <subfield code="p">EN-112486</subfield>
    <subfield code="r">2021-02-04 00:00:00</subfield>
    <subfield code="t">1</subfield>
    <subfield code="v">3472.00</subfield>
    <subfield code="y">EN</subfield>
  </datafield>
  <datafield tag="952" ind1=" " ind2=" ">
    <subfield code="0">0</subfield>
    <subfield code="1">0</subfield>
    <subfield code="3">Vol. 5</subfield>
    <subfield code="4">0</subfield>
    <subfield code="7">1</subfield>
    <subfield code="8">REF</subfield>
    <subfield code="a">BN</subfield>
    <subfield code="b">BN</subfield>
    <subfield code="d">2021-02-04</subfield>
    <subfield code="e">DBAD/PUB</subfield>
    <subfield code="g">3472.00</subfield>
    <subfield code="l">0</subfield>
    <subfield code="o">153 PSY</subfield>
    <subfield code="p">EN-112487</subfield>
    <subfield code="r">2021-02-04 00:00:00</subfield>
    <subfield code="t">1</subfield>
    <subfield code="v">3472.00</subfield>
    <subfield code="y">EN</subfield>
  </datafield>
</record>
